000 00985nam a2200265Ia 4500
003 OSt
005 20221005111932.0
006 a|||||r|||| 00| 0
007 ta
008 221004b |||||||| |||| 00| 0 hin d
020 _c1000
024 _a87494
037 _b1610, 06/02/2008, Vidyanidhi Prakashan
_cTextual
040 _aCRL
_cCRL
_bhin
041 _2hin
_ahin
082 _aNA44x1, 152P7.1-.2
100 _aपाण्डेय, शैलजा, संपा.
245 0 _aमयमतम्
246 _aMayamatam
260 _aवाराणसी
_bचौखम्बा सुरभारती प्रकाशन भारत
_c2007
300 _a371पृ0
_ccm.
490 _aचौखम्बा सुरभारती ग्रन्थमाला; 433
942 _hNA44x1, 152P7.1-.2
_cTEXL
_2cc
999 _c1023353
_d1023353